| 000 | 01121cam a2200313 4500 | ||
|---|---|---|---|
| 001 | B1183 | ||
| 008 | 090401t1987 xxu||||| |||| 00| 0 eng d | ||
| 035 | _a(Sirsi) u43046 | ||
| 041 | _aeng | ||
| 050 | _a711.026 | ||
| 090 | _aRICS 1987/46 AC | ||
| 110 |
_aRoyal Institution of Chartered Surveyors _94900 |
||
| 245 | _aJoint planning law conference : keeping pace with change. New College, Oxford, 18-20 September 1987 | ||
| 260 | _c1987 | ||
| 300 | _a6 papers | ||
| 350 | _a0 | ||
| 520 | _aPapers by Birch,F.S.H. , Cadman,D.A. , and Key,T , Haran,E.B. , Jones,S.M. , Osborne,T. , and Purdue,H.M. . Conference organised by STS. Papers by Lord Irvine of Lairg, Patrick Jenkin and A.R. Porten not printed. Attendance list included. | ||
| 650 | _aDEVELOPMENT CONTROL | ||
| 650 | _aJOINT PLANNING LAW CONFERENCE | ||
| 650 | _aLOCAL AUTHORITIES | ||
| 650 | _aPLANNING APPEALS | ||
| 650 | _aPLANNING INQUIRIES | ||
| 650 | _aPLANNING | ||
| 650 | _aPUBLIC INQUIRIES | ||
| 710 |
_aLaw Society of England and Wales _91639 |
||
| 710 |
_aGeneral Council of the Bar _9691 |
||
| 942 | _n0 | ||
| 948 | _c04/03/1997 | ||
| 999 |
_c91237 _d91237 |
||